|
|
|
|
| LEADER |
01826nam a2200433 i 4500 |
| 001 |
EBC5520243 |
| 003 |
MiAaPQ |
| 005 |
20200520144314.0 |
| 006 |
m o d | |
| 007 |
cr cnu|||||||| |
| 008 |
181009s2018 nju ob 001 0 eng d |
| 020 |
|
|
|z 9781119524694
|
| 020 |
|
|
|a 9781119524663 (e-book)
|
| 020 |
|
|
|a 9781119524700 (e-book)
|
| 035 |
|
|
|a (MiAaPQ)EBC5520243
|
| 035 |
|
|
|a (Au-PeEL)EBL5520243
|
| 035 |
|
|
|a (OCoLC)1055049561
|
| 040 |
|
|
|a MiAaPQ
|b eng
|e rda
|e pn
|c MiAaPQ
|d MiAaPQ
|
| 050 |
|
4 |
|a HD6060.6
|b .A534 2018
|
| 082 |
0 |
|
|a 658.4/09
|2 23
|
| 100 |
1 |
|
|a Anderson, Rania H.,
|d 1961-
|e author.
|
| 245 |
1 |
0 |
|a We :
|b men, women, and the decisive formula for winning at work /
|c Rania H. Anderson.
|
| 264 |
|
1 |
|a Hoboken, New Jersey :
|b John Wiley & Sons, Inc.,
|c [2018]
|
| 264 |
|
4 |
|c 2018
|
| 300 |
|
|
|a 1 online resource (236 pages)
|
| 336 |
|
|
|a text
|b txt
|2 rdacontent
|
| 337 |
|
|
|a computer
|b c
|2 rdamedia
|
| 338 |
|
|
|a online resource
|b cr
|2 rdacarrier
|
| 504 |
|
|
|a Includes bibliographical references and index.
|
| 588 |
|
|
|a Description based on print version record.
|
| 590 |
|
|
|a Electronic reproduction. Ann Arbor, MI : ProQuest, 2018. Available via World Wide Web. Access may be limited to ProQuest affiliated libraries.
|
| 650 |
|
0 |
|a Sex role in the work environment.
|
| 650 |
|
0 |
|a Sex discrimination in employment
|x Prevention.
|
| 650 |
|
0 |
|a Success in business.
|
| 650 |
|
0 |
|a Diversity in the workplace.
|
| 655 |
|
4 |
|a Electronic books.
|
| 776 |
0 |
8 |
|i Print version:
|a Anderson, Rania H., 1961-
|t We : men, women, and the decisive formula for winning at work.
|d Hoboken, New Jersey : John Wiley & Sons, Inc., c2018
|h 236 pages
|z 9781119524694
|w (DLC) 2018034801
|
| 797 |
2 |
|
|a ProQuest (Firm)
|
| 856 |
4 |
0 |
|u https://ebookcentral.proquest.com/lib/matrademy/detail.action?docID=5520243
|z Click to View
|